| 000 | 01324nab a22002417a 4500 | ||
|---|---|---|---|
| 999 |
_c5598 _d5598 |
||
| 003 | OSt | ||
| 005 | 20251222085549.0 | ||
| 008 | 190429b xxu||||| |||| 00| 0 spa d | ||
| 040 | _cPJ | ||
| 100 |
_96557 _aCarram, Moisés Naim |
||
| 245 | 1 | 3 |
_aLa suplantación, ataque o robo de identidad digital / _cMoisés Naim Carram. |
| 260 |
_cCiudad Autónoma de Buenos Aires : _aThomson Reuters La Ley, _b2025. |
||
| 300 | _ap. 131-147 | ||
| 500 | _aCita: AR/DOC/1338/2025. | ||
| 505 | _aSumario: I. Introducción.— II. La importancia de la suplantación de identidad en la actualidad.— III. Naturaleza jurídica. Definiciones. Características particulares.— IV. Técnicas de apropiación de información para suplantar la identidad.— V. Modalidades de manifestación de la suplantación de identidad.— VI. La identidad como objeto de ataque de la suplantación de identidad. | ||
| 505 | _tSi te interesa el texto completo, solicitalo a koha@justierradelfuego.gov.ar | ||
| 650 | 0 |
_9343 _aDERECHO PENAL |
|
| 650 | 0 |
_9278 _aDELITOS INFORMATICOS |
|
| 650 | 0 |
_92345 _aDERECHO A LA IDENTIDAD |
|
| 650 | 0 |
_9765 _aDERECHOS PERSONALÍSIMOS |
|
| 773 | 0 |
_02658 _93164 _tRevista de derecho penal y criminología. Nº 6 - Julio 2025 _dCiudad Autónoma de Buenos Aires : Thomson Reuters La Ley, 2017- _x00347914 |
|
| 942 |
_2udc _cANA |
||